Cyclisme : Vainqueurs du Tour UAE - Statistiques

Statistiques générales
  • Ce quiz a été pris 10 fois
    2 depuis la dernière actualisation
  • Le résultat moyen est 6 sur 8
Statistiques - réponses
Année Vainqueur % Correct
2019 Primož Roglič
100%
2023 Remco Evenepoel
100%
2025 Tadej Pogačar
100%
2022 Tadej Pogačar
100%
2021 Tadej Pogačar
100%
2020 Adam Yates
50%
2026 Isaac Del Toro
50%
2024 Lennert Van Eetvelt
0%
Aucun quiz correspondant
Distribution des résultats
% des personnes avec chaque résultat
Percentile par nombre de réponses
Votre historique - résultats
Vous n’avez pas pris ce quiz depuis la dernière actualisation